عرض عادي
عرض مارك
- العقل (علم نفس)
دخول Topical Term
001 - CONTROL NUMBER
- control field: 29205
003 - CONTROL NUMBER IDENTIFIER
- control field: AE-AdECS
005 - DATE AND TIME OF LATEST TRANSACTION
- control field: 20260424090451.0
008 - FIXED-LENGTH DATA ELEMENTS
- fixed length control field: 260424|| aca||aabn | a|a d
040 ## - CATALOGING SOURCE
- Original cataloging agency: AE-AdECS
- Transcribing agency: AE-AdECS
150 ## - HEADING--TOPICAL TERM
- Topical term or geographic name entry element: العقل (علم نفس)
- General subdivision: ومفهوم الوجود
670 ## - SOURCE DATA FOUND
- Source citation: Work cat.: (AE-AdECS)294901: الخفاجي، أكرم مؤلف. 29203, السببية بين العقل والوجود في الفكر الإسلامي /
